Using MS-DOS on the Amstrad PC : step by ste
| Main Author: | |
|---|---|
| Format: | Book |
| Published: |
Oxford :
Heinemann ,
1988
|
| Subjects: |
MARC
| LEADER | 00000cam a2200000 7i4500 | ||
|---|---|---|---|
| 001 | 0000003803 | ||
| 002 | 000004102 | ||
| 005 | 20000330.0 | ||
| 020 | |a 0434918423 | ||
| 090 | 0 | 0 | |a 005.4469 |b SIN |
| 100 | 1 | |a Sinclair, Ian | |
| 245 | 1 | 0 | |a Using MS-DOS on the Amstrad PC : |b step by ste |c Ian Sinclair |
| 260 | |a Oxford : |b Heinemann , |c 1988 | ||
| 300 | |a 192p. : |b 22cm | ||
| 650 | 0 | 0 | |a Amstrad PC 1512 (Computer) |x Programing |
| 999 | |a 037023 |b BUKU |c PINJAMAN |e PERPUSTAKAAN KOMUNITI PETALING JAYA | ||